000 00400nam a2200157Ia 4500
008 210430s9999 xx 000 0 und d
020 _a8/4/11
082 _a662.2 D245 P
245 _aDr.N Davies
250 _aA-6
260 _aCranfield
300 _aPyrotechnics Hand book
650 _aThe Ammunatoons Systems &Explosive technology Department
_952699
856 _uBK
942 _cGEN
_2ddc
999 _c562102
_d562102